Score 0/30 Timer 05:00
3 Plays Today
Overall Page Rank Country % Correct
18United States
99.5%
96France
94.4%
50Canada
94.2%
102Russia
93.1%
39United Kingdom
93%
116Mexico
92.9%
73Germany
92.5%
54Japan
91.2%
121Brazil
90.3%
152Spain
89.2%
130Italy
88.2%
49Australia
86.7%
33India
84.5%
257South Africa
79.5%
136Iran
78.1%
Overall Page Rank Country % Correct
290Argentina
77.1%
160Egypt
74.6%
238Sweden
71.5%
189Ireland
70.4%
254New Zealand
67%
332Greece
66.6%
226Turkey
58.6%
177North Korea
58.4%
261Switzerland
57.1%
179Pakistan
56.7%
75Israel
55.5%
188Netherlands
54.1%
337Vietnam
48.7%
149Philippines
30.4%
235Singapore
22.4%
Remove Ads.
Support Sporcle.
Get the best of Sporcle when you Go Orange. This ad-free experience offers more features, more stats, and more fun while also helping to support Sporcle. Thank you for becoming a member.

You're not logged in!

Compare scores with friends on all Sporcle quizzes.
OR
Log In

Show Comments

Extras

Top Quizzes Today


Score Distribution

Your Account Isn't Verified!

In order to create a playlist on Sporcle, you need to verify the email address you used during registration. Go to your Sporcle Settings to finish the process.

Report this User

Report this user for behavior that violates our Community Guidelines.

Details: